Vplyv nehomogenít v štruktúre vysokoteplotných supravodivých materiálov na ich elektromagnetické vlastnosti

Salvato in:
Dettagli Bibliografici
Autore principale: Šimonovič, Ivan, 1986- (Autore)
Altri autori: Skarba, Michal, 1980- (Relatore della tesi)
Natura: Manoscritto Libro
Lingua:slovacco
Pubblicazione: Trnava : STU v Bratislave MTF UMAT, 2012
Soggetti:
Accesso online:VAIS
Tags: Aggiungi Tag
Nessun Tag, puoi essere il primo ad aggiungerne!!

MARC

LEADER 00000ntm a22000003a 4500
001 stu251469
005 20150617230200.5
008 120719s2012----xo------------------slo-d
040 |a STU  |b slo 
041 0 |a slo 
044 |a xo 
100 1 |a Šimonovič, Ivan,  |d 1986-  |4 aut  |u M  |T MTF Materiálovotechnologická fakulta  |X 37764  |U M  |Y 60  |7 A000037764 
242 0 0 |a Effects of inhomogenities in the structure of high-temperature superconducting materials on their electromagnetic properties.  |y eng 
245 1 |a Vplyv nehomogenít v štruktúre vysokoteplotných supravodivých materiálov na ich elektromagnetické vlastnosti 
260 |a Trnava :  |b STU v Bratislave MTF UMAT,  |c 2012 
300 |a 79 s 
650 7 |a materiálové inžinierstvo  |2 stusub 
650 7 |a Materials Engineering  |2 estusub 
650 7 |a ceramics  |2 estusub 
650 7 |a superconductivity  |2 estusub 
650 7 |a keramika  |2 stusub 
650 7 |a supravodivosť  |2 stusub 
700 1 |a Skarba, Michal,  |d 1980-  |4 ths  |u M1000  |U MTF Materiálovotechnologická fakulta  |T MTF Ústav materiálov  |X 69803  |U M1000  |Y 81  |7 A000069803 
856 4 |a info a plný text  |u http://is.stuba.sk/zp/portal_zp.pl?podrobnosti=95014  |3 VAIS 
996 |c M*DP-10744  |l MMSKP  |s P  |a 0  |w stu251469_0001